[Event "España ch sub-18 2007"]
[Site "Granada ESP"]
[Date "2007.07.31"]
[Round "5.28"]
[White "Rodriguez Crespo, Eduardo"]
[Black "Gimenez Martinez, Alberto"]
[Result "0-1"]
[WhiteElo "1919"]
[BlackElo "2070"]
[PlyCount "112"]
[EventDate "2007.07.29"]
[EventType "swiss"]
[EventRounds "9"]
[EventCountry "ESP"]
[Source "lmi"]
[SourceDate "2007.07.29"]

1. e4 c5 2. Nf3 d6 3. d4 Nf6 4. Nc3 cxd4 5. Nxd4 a6 6. Be2 e5 7. Nb3 Be7 8. Be3
O-O 9. O-O Nbd7 10. f4 b5 11. a3 Bb7 12. Bf3 Rc8 13. Qe1 exf4 14. Bxf4 Ne5 15.
Rd1 Nc4 16. Bc1 Qc7 17. Nd5 Nxd5 18. exd5 Bf6 19. c3 Rce8 20. Qf2 Be5 21. Nd4
Bc8 22. Rde1 f5 23. Bd1 Qc5 24. Bf3 Nb6 25. Ne6 Qxf2+ 26. Kxf2 Rf6 27. Bg5 Rf7
28. Bc1 h6 29. Bh5 Nxd5 30. Bxf7+ Kxf7 31. Nd4 Bd7 32. Kg1 Kf6 33. Nxf5 Bxf5
34. g4 Bxh2+ 35. Kxh2 Rxe1 36. g5+ hxg5 37. Rxe1 Nf4 38. Bxf4 gxf4 39. Re8 a5
40. a4 bxa4 41. Ra8 Bc2 42. Rxa5 Bb3 43. Kg2 d5 44. Ra7 g5 45. Kf3 Bd1+ 46. Kf2
Kf5 47. Rd7 Bb3 48. Rf7+ Ke6 49. Rf8 Ke5 50. Re8+ Kf5 51. Rf8+ Ke4 52. Rg8 Kd3
53. Rxg5 Kc2 54. Kf3 Kxb2 55. Kxf4 a3 56. Rg2+ Bc2 0-1

[Event "España ch sub-18 2007"]
[Site "Granada ESP"]
[Date "2007.07.31"]
[Round "5.29"]
[White "Ladron De Guevara Pinto, Fermin"]
[Black "Tirapo Larcuen, Ana"]
[Result "1-0"]
[WhiteElo "2070"]
[BlackElo "1900"]
[PlyCount "131"]
[EventDate "2007.07.29"]
[EventType "swiss"]
[EventRounds "9"]
[EventCountry "ESP"]
[Source "lmi"]
[SourceDate "2007.07.29"]

1. d4 Nf6 2. c4 g6 3. g3 Bg7 4. Bg2 d6 5. e3 Nbd7 6. Nc3 c6 7. Nge2 O-O 8. O-O
e5 9. b3 Qe7 10. Ba3 e4 11. Qc2 Re8 12. Rad1 Nf8 13. h3 h5 14. Kh1 N8h7 15. Ng1
a6 16. d5 c5 17. Bb2 Rb8 18. a4 Bf5 19. Qc1 Qd7 20. Nce2 Ng5 21. Nf4 b5 22. Qa1
Ngh7 23. Bc3 bxa4 24. bxa4 Rb3 25. Nfe2 Reb8 26. Rc1 Qe8 27. a5 Qf8 28. Rb1 Nd7
29. Rxb3 Rxb3 30. Rb1 Bxc3 31. Nxc3 Qb8 32. Qa2 Rxb1 33. Qxb1 Qxb1 34. Nxb1 Ne5
35. Nd2 Nf6 36. Ne2 Nd3 37. Kg1 Ne1 38. Nc3 Nxg2 39. Kxg2 Kf8 40. Na4 Ke7 41.
Nb6 Kd8 42. Kh2 Ke7 43. Kg2 Kd8 44. Nb3 Nd7 45. Kh2 Kc7 46. Na4 Ne5 47. Nd2 Nd7
48. Kg2 Kb7 49. g4 hxg4 50. hxg4 Bxg4 51. Nxe4 Kc7 52. Nb2 Be2 53. f4 f5 54.
Ng5 Nf6 55. Ne6+ Kb7 56. Kf2 Bh5 57. Ke1 Ne4 58. Ng5 Nxg5 59. fxg5 Kc7 60. Nd3
Kd7 61. Nf4 Ke7 62. Ne6 Kd7 63. Kd2 Kc8 64. Kd3 Kb8 65. Nf4 Kc7 66. Nxh5 1-0

[Event "España ch sub-18 2007"]
[Site "Granada ESP"]
[Date "2007.07.31"]
[Round "5.30"]
[White "Ruiz De La Torre Perez, Cristina"]
[Black "Blanco Villalba, Jose Francisco"]
[Result "0-1"]
[WhiteElo "1912"]
[BlackElo "2024"]
[PlyCount "54"]
[EventDate "2007.07.29"]
[EventType "swiss"]
[EventRounds "9"]
[EventCountry "ESP"]
[Source "lmi"]
[SourceDate "2007.07.29"]

1. d4 Nf6 2. c4 e6 3. Nc3 Bb4 4. Qc2 Nc6 5. Nf3 d6 6. Bg5 h6 7. Bh4 g5 8. Bg3
g4 9. Nd2 Nxd4 10. Qc1 Bd7 11. f3 h5 12. Bf2 Nc6 13. Bh4 d5 14. cxd5 Nd4 15.
dxe6 Bxe6 16. Nde4 Be7 17. Qd1 Nxe4 18. Bxe7 Nxc3 19. Bxd8 Nxd1 20. Bf6 Nc2+
21. Kxd1 Nxa1 22. Bxh8 O-O-O+ 23. Kc1 Rxh8 24. b4 Rd8 25. g3 gxf3 26. exf3 Bf5
27. Bc4 Bg6 0-1

[Event "España ch sub-18 2007"]
[Site "Granada ESP"]
[Date "2007.08.01"]
[Round "6.1"]
[White "Remoli Sargues, Francisco"]
[Black "Vila Gazquez, Xavier"]
[Result "1/2-1/2"]
[WhiteElo "2267"]
[BlackElo "2429"]
[PlyCount "57"]
[EventDate "2007.07.29"]
[EventType "swiss"]
[EventRounds "9"]
[EventCountry "ESP"]
[Source "lmi"]
[SourceDate "2007.07.29"]

1. e4 c5 2. Nf3 e6 3. d4 cxd4 4. Nxd4 Nc6 5. Nc3 Qc7 6. Be2 a6 7. O-O Nf6 8.
Be3 Bb4 9. Na4 O-O 10. Nxc6 bxc6 11. Nb6 Rb8 12. Nxc8 Rfxc8 13. Bxa6 Rf8 14.
Bd3 Bd6 15. f4 e5 16. f5 Rxb2 17. g4 Qa5 18. g5 Bc5 19. gxf6 Bxe3+ 20. Kh1 gxf6
21. Rg1+ Kh8 22. Qg4 Bg5 23. h4 Bh6 24. Rg2 Qc5 25. Qh5 Qe3 26. Rf1 Rbb8 27.
Re2 Qh3+ 28. Rh2 Qe3 29. Re2 1/2-1/2

[Event "España ch sub-18 2007"]
[Site "Granada ESP"]
[Date "2007.08.01"]
[Round "6.2"]
[White "Ribes Peris, Alvaro"]
[Black "Llorente Zaro, Alfonso"]
[Result "0-1"]
[WhiteElo "2135"]
[BlackElo "2422"]
[PlyCount "78"]
[EventDate "2007.07.29"]
[EventType "swiss"]
[EventRounds "9"]
[EventCountry "ESP"]
[Source "lmi"]
[SourceDate "2007.07.29"]

1. d4 Nf6 2. c4 e6 3. Nc3 Bb4 4. e3 b6 5. Bd3 c5 6. Nf3 Nc6 7. O-O Bxc3 8. bxc3
d6 9. e4 e5 10. d5 Ne7 11. Nh4 h6 12. Nf5 Nxf5 13. exf5 e4 14. Re1 Bxf5 15. f3
O-O 16. fxe4 Bg4 17. Be2 Bxe2 18. Rxe2 Ng4 19. Bf4 Re8 20. Qd3 Ne5 21. Qg3 Kh7
22. Rf1 Qd7 23. Bxe5 Rxe5 24. Rf5 Rae8 25. Ref2 Rxf5 26. exf5 Re1+ 27. Rf1
Rxf1+ 28. Kxf1 Qxf5+ 29. Kg1 Qb1+ 30. Kf2 Qxa2+ 31. Ke3 Qxc4 32. Qxd6 Qxc3+ 33.
Ke2 Qc4+ 34. Kf3 Qd3+ 35. Kf2 c4 36. Qc6 c3 37. d6 c2 38. d7 Qd2+ 39. Kf3 c1=Q
0-1

[Event "España ch sub-18 2007"]
[Site "Granada ESP"]
[Date "2007.08.01"]
[Round "6.4"]
[White "Huerga Leache, Mikel"]
[Black "Camacho Collados, Marcos"]
[Result "1/2-1/2"]
[WhiteElo "2370"]
[BlackElo "2239"]
[PlyCount "89"]
[EventDate "2007.07.29"]
[EventType "swiss"]
[EventRounds "9"]
[EventCountry "ESP"]
[Source "lmi"]
[SourceDate "2007.07.29"]

1. e4 e5 2. Bc4 Bc5 3. Nc3 Nf6 4. d3 O-O 5. f4 d6 6. Nf3 Nc6 7. Na4 Bg4 8. Nxc5
dxc5 9. f5 Na5 10. Qe2 Nxc4 11. dxc4 Qd6 12. O-O Bxf3 13. gxf3 Nh5 14. Rd1 Qf6
15. Qf2 Rad8 16. Be3 Rxd1+ 17. Rxd1 Rd8 18. Rd2 Rxd2 19. Qxd2 Qd6 20. Kg2 Qxd2+
21. Bxd2 f6 22. Kh3 g5 23. Kg4 Ng7 24. h4 h6 25. a4 Ne8 26. Be3 b6 27. Kh5 Kg7
28. b3 a5 29. Bd2 Nd6 30. Kg4 Kf7 31. Kg3 Kg7 32. Kh3 Kf7 33. Kg4 Kg7 34. Kg3
Kf7 35. Kf2 Ke7 36. Be1 Kf7 37. Ke3 Ke7 38. Kd3 Kd7 39. Bf2 Ke7 40. c3 Nb7 41.
Be1 Kf7 42. Bg3 Ke7 43. hxg5 hxg5 44. Be1 Kf7 45. Ke3 1/2-1/2

[Event "España ch sub-18 2007"]
[Site "Granada ESP"]
[Date "2007.08.01"]
[Round "6.5"]
[White "Valmaña Canto, Jaime"]
[Black "Fernandez Borrego, Pablo"]
[Result "1-0"]
[WhiteElo "2346"]
[BlackElo "2200"]
[PlyCount "47"]
[EventDate "2007.07.29"]
[EventType "swiss"]
[EventRounds "9"]
[EventCountry "ESP"]
[Source "lmi"]
[SourceDate "2007.07.29"]

1. e4 c5 2. Nf3 e6 3. d4 cxd4 4. Nxd4 a6 5. Be2 Nf6 6. Nc3 Qc7 7. O-O Be7 8.
Be3 O-O 9. f4 d6 10. g4 Nc6 11. g5 Nd7 12. f5 Nxd4 13. Qxd4 Re8 14. fxe6 fxe6
15. Bh5 g6 16. Nd5 exd5 17. Qxd5+ Kh8 18. Qf7 Qd8 19. Bxg6 hxg6 20. Qxg6 Ne5
21. Qh6+ Kg8 22. g6 Bf6 23. Qh7+ Kf8 24. g7+ 1-0

[Event "España ch sub-18 2007"]
[Site "Granada ESP"]
[Date "2007.08.01"]
[Round "6.6"]
[White "Rubio Mejia, Luis Ignacio"]
[Black "Hernandez Leon, Alberto"]
[Result "1/2-1/2"]
[WhiteElo "2270"]
[BlackElo "2275"]
[PlyCount "77"]
[EventDate "2007.07.29"]
[EventType "swiss"]
[EventRounds "9"]
[EventCountry "ESP"]
[Source "lmi"]
[SourceDate "2007.07.29"]

1. d4 c5 2. d5 g6 3. c4 Bg7 4. e4 d6 5. Nc3 e6 6. Nf3 Nf6 7. Bd3 O-O 8. O-O Na6
9. h3 Nc7 10. a4 e5 11. a5 Na6 12. Re1 Nh5 13. Bf1 Nb4 14. Bd2 f5 15. Ng5 f4
16. Nf3 h6 17. Be2 Nf6 18. Nh2 Nh7 19. Na2 Nxa2 20. Rxa2 h5 21. b4 Ng5 22. Bf1
cxb4 23. Nf3 Nxf3+ 24. Qxf3 Qh4 25. Bxb4 Rf6 26. Be2 Bd7 27. c5 Bf8 28. cxd6
Bxd6 29. Bxd6 Rxd6 30. Rc1 Qd8 31. Qa3 Rf6 32. Rac2 b6 33. Rc7 bxa5 34. Qc3 Qe8
35. Qxa5 a6 36. Rb7 Bc8 37. Rbc7 Bd7 38. Rb1 Bb5 39. Bxb5 1/2-1/2

[Event "España ch sub-18 2007"]
[Site "Granada ESP"]
[Date "2007.08.01"]
[Round "6.7"]
[White "Guetas Sanchez, Hugo"]
[Black "Aloma Vidal, Robert"]
[Result "0-1"]
[WhiteElo "2161"]
[BlackElo "2341"]
[PlyCount "182"]
[EventDate "2007.07.29"]
[EventType "swiss"]
[EventRounds "9"]
[EventCountry "ESP"]
[Source "lmi"]
[SourceDate "2007.07.29"]

1. e4 c5 2. d4 cxd4 3. c3 dxc3 4. Nxc3 e6 5. Nf3 a6 6. Bc4 b5 7. Bb3 Bb7 8. O-O
b4 9. Nd5 exd5 10. exd5 Bd6 11. Qd4 Qf6 12. Re1+ Ne7 13. Bg5 Qxd4 14. Nxd4 Kf8
15. Bxe7+ Bxe7 16. Nf5 Bc5 17. Rac1 g6 18. Rxc5 gxf5 19. d6 Rg8 20. Rxf5 Rxg2+
21. Kf1 Rg7 22. Re7 Bg2+ 23. Ke1 Nc6 24. Rfxf7+ Rxf7 25. Rxf7+ Kg8 26. Rxd7+
Kh8 27. Bc2 Re8+ 28. Kd2 Bf3 29. Rxh7+ Kg8 30. Bd3 Rd8 31. Rh6 Kg7 32. Rg6+ Kf7
33. Rh6 a5 34. Ke3 Ne5 35. Bf5 Ng4+ 36. Bxg4 Bxg4 37. Rh7+ Kf6 38. Ra7 Rxd6 39.
Rxa5 Bf5 40. Rb5 Rd3+ 41. Ke2 Rd4 42. Ke3 Re4+ 43. Kf3 Rh4 44. Kg3 Rd4 45. Kf3
Be6 46. Ke3 Rh4 47. f4 Rxh2 48. Rxb4 Bxa2 49. Rb5 Bc4 50. Rb4 Be6 51. Rb5 Rc2
52. Kd3 Rc1 53. Kd2 Rc4 54. Ke3 Bf5 55. Rb6+ Ke7 56. Rb5 Bb1 57. Kf3 Bd3 58.
Ke3 Bc2 59. Kf3 Bd1+ 60. Ke3 Kf6 61. Rb6+ Kf5 62. Rb5+ Ke6 63. Rb8 Bg4 64. Rg8
Bf5 65. Re8+ Kd6 66. Rb8 Re4+ 67. Kf3 Rc4 68. Rb5 Bd7 69. Rb6+ Kd5 70. Rb8 Rc2
71. Rd8 Ke6 72. Rb8 Bc6+ 73. Ke3 Rc4 74. Rb6 Kd6 75. Rb8 Re4+ 76. Kd3 Rxf4 77.
Rh8 Kc5 78. Rc8 Rf3+ 79. Kc2 Kd5 80. Rh8 Kd4 81. Rh4+ Be4+ 82. Kd2 Rf2+ 83. Kd1
Rxb2 84. Rh8 Ra2 85. Rd8+ Ke3 86. Kc1 Rc2+ 87. Kd1 Rc5 88. Re8 Rc7 89. Re6 Rc8
90. Re7 Rh8 91. Kc1 Rb8 0-1

[Event "España ch sub-18 2007"]
[Site "Granada ESP"]
[Date "2007.08.01"]
[Round "6.8"]
[White "Vallejo Diaz, Javier"]
[Black "Lopez Quevedo, Angel Carlos"]
[Result "1/2-1/2"]
[WhiteElo "2319"]
[BlackElo "2148"]
[PlyCount "88"]
[EventDate "2007.07.29"]
[EventType "swiss"]
[EventRounds "9"]
[EventCountry "ESP"]
[Source "lmi"]
[SourceDate "2007.07.29"]

1. e4 c5 2. Nf3 e6 3. d4 cxd4 4. Nxd4 Nf6 5. Nc3 Nc6 6. Nxc6 bxc6 7. e5 Nd5 8.
Ne4 Qa5+ 9. c3 Ba6 10. Be2 Bxe2 11. Qxe2 f5 12. exf6 Nxf6 13. Nxf6+ gxf6 14.
O-O Bd6 15. Rd1 Qe5 16. Qxe5 Bxe5 17. f4 Bc7 18. f5 Rb8 19. fxe6 dxe6 20. b3
Be5 21. Be3 a5 22. Bd4 Bxd4+ 23. Rxd4 Ke7 24. Rc4 Rhc8 25. Re1 e5 26. Re3 Ke6
27. Rh4 Rc7 28. Reh3 Rbb7 29. Kf2 Rd7 30. Ke2 Rg7 31. g3 Rgd7 32. Rc4 Rd6 33.
Rc5 Rbd7 34. Rh6 Kf5 35. Rh5+ Ke6 36. Rxa5 Rd2+ 37. Kf3 R2d3+ 38. Kg2 Rxc3 39.
Ra6 Rd2+ 40. Kh3 Rcc2 41. Kg4 Rd4+ 42. Kh3 Rdd2 43. Kg4 Rd4+ 44. Kh3 Rdd2
1/2-1/2

[Event "España ch sub-18 2007"]
[Site "Granada ESP"]
[Date "2007.08.01"]
[Round "6.9"]
[White "Dominguez Pons, Eric"]
[Black "Aranaz Murillo, Amalia"]
[Result "1/2-1/2"]
[WhiteElo "2221"]
[BlackElo "1706"]
[PlyCount "106"]
[EventDate "2007.07.29"]
[EventType "swiss"]
[EventRounds "9"]
[EventCountry "ESP"]
[Source "lmi"]
[SourceDate "2007.07.29"]

1. e4 c6 2. Nc3 d5 3. Nf3 Bg4 4. h3 Bxf3 5. Qxf3 e6 6. d4 dxe4 7. Qe3 Nf6 8.
Bd2 Bd6 9. O-O-O Nbd7 10. Nxe4 Nxe4 11. Qxe4 Nf6 12. Qf3 Qc7 13. Bd3 O-O 14. g3
c5 15. dxc5 Bxc5 16. Bg5 Bd4 17. Be3 Bxe3+ 18. Qxe3 Qa5 19. Kb1 b5 20. Be4 Nxe4
21. Qxe4 Rfd8 22. c3 Qb6 23. f4 a5 24. f5 exf5 25. Qxf5 b4 26. Rxd8+ Rxd8 27.
Rf1 f6 28. cxb4 axb4 29. Re1 Qd6 30. g4 h6 31. h4 Qd2 32. Qe6+ Kh8 33. Qe3 Qxe3
34. Rxe3 Rd4 35. Rg3 Kh7 36. h5 Kg8 37. Kc2 Kf7 38. a3 bxa3 39. bxa3 g6 40. Kc3
Rf4 41. Kb3 gxh5 42. gxh5 Rh4 43. a4 Rxh5 44. Kb4 Rg5 45. Rh3 Kg6 46. a5 Re5
47. a6 h5 48. Rg3+ Kf5 49. Rf3+ Kg5 50. Rc3 f5 51. Rc8 Re7 52. Rg8+ Kh4 53. Rf8
Kg4 1/2-1/2

[Event "España ch sub-18 2007"]
[Site "Granada ESP"]
[Date "2007.08.01"]
[Round "6.10"]
[White "Gonzalez Merino, Alberto"]
[Black "Trigo Urquijo, Sergio"]
[Result "1/2-1/2"]
[WhiteElo "2172"]
[BlackElo "2145"]
[PlyCount "117"]
[EventDate "2007.07.29"]
[EventType "swiss"]
[EventRounds "9"]
[EventCountry "ESP"]
[Source "lmi"]
[SourceDate "2007.07.29"]

1. d4 d6 2. e4 Nf6 3. Bd3 e5 4. d5 Be7 5. c4 c6 6. Nc3 O-O 7. h3 b5 8. cxb5
cxd5 9. exd5 e4 10. Bc2 a6 11. Nge2 axb5 12. Nxb5 Na6 13. Bd2 Bb7 14. O-O Bxd5
15. Bc3 Bc4 16. Na3 Be6 17. Nd4 Rc8 18. Qe2 Nc5 19. Nab5 d5 20. Na7 Ra8 21.
Nac6 Qd7 22. Nxe7+ Qxe7 23. a4 Rfc8 24. Qd2 Nfd7 25. b4 Nb7 26. Rfc1 Nd6 27.
Bd1 Nc4 28. Qf4 Nde5 29. Be2 Ng6 30. Qg3 f5 31. h4 f4 32. Qg5 Qxg5 33. hxg5 Bd7
34. b5 Nge5 35. Bb4 Rcb8 36. Rcb1 Rb7 37. Be1 Nd3 38. Bxd3 exd3 39. Bb4 d2 40.
Rd1 Nb2 41. Rxd2 Rxa4 42. Rxa4 Nxa4 43. Ra2 Nb6 44. Bc5 Kf7 45. Nc6 Kg6 46.
Bxb6 Bxc6 47. bxc6 Rxb6 48. Rc2 Rb1+ 49. Kh2 Rb8 50. Kh3 Rc8 51. Kg4 d4 52. Rc5
d3 53. Kf3 Rc7 54. Kg4 d2 55. Rd5 d1=Q+ 56. Rxd1 Rxc6 57. Rd4 Rc2 58. Rxf4 Rc5
59. Ra4 1/2-1/2

[Event "España ch sub-18 2007"]
[Site "Granada ESP"]
[Date "2007.08.01"]
[Round "6.11"]
[White "Rodriguez Perez, David Antonio"]
[Black "Senlle Caride, Miguel"]
[Result "1-0"]
[WhiteElo "2018"]
[BlackElo "2179"]
[PlyCount "103"]
[EventDate "2007.07.29"]
[EventType "swiss"]
[EventRounds "9"]
[EventCountry "ESP"]
[Source "lmi"]
[SourceDate "2007.07.29"]

1. e4 e5 2. Nf3 Nc6 3. Bc4 Nf6 4. d3 Be7 5. c3 O-O 6. O-O d6 7. Bb3 Bg4 8. h3
Bh5 9. Nbd2 Nd7 10. Re1 Nc5 11. Bc2 Ne6 12. Nf1 d5 13. Ng3 Bg6 14. Qe2 d4 15.
Ba4 Bf6 16. Bxc6 bxc6 17. cxd4 exd4 18. b3 c5 19. Nd2 Bg5 20. Nc4 a5 21. Qc2
Bxc1 22. Raxc1 Qg5 23. Nb2 Kh8 24. Na4 h5 25. Nxc5 Nf4 26. h4 Qxh4 27. Ne2
Nxe2+ 28. Qxe2 Qf4 29. Qf3 Qd2 30. Qe2 Qg5 31. Rf1 Qf4 32. Rc2 h4 33. Qf3 Qg5
34. Qh3 Kg8 35. f4 Qh5 36. Nd7 Rfc8 37. f5 Bh7 38. f6 g5 39. g4 Qh6 40. Rc4 Bg6
41. Rfc1 Qh8 42. Nb6 Kh7 43. Nxa8 Rxa8 44. Rxc7 Qxf6 45. Qf1 Qe6 46. Qf3 a4 47.
R1c6 Qe8 48. Qf6 axb3 49. Qxg6+ Kh8 50. Qh6+ Kg8 51. Rg6+ fxg6 52. Qg7# 1-0

[Event "España ch sub-18 2007"]
[Site "Granada ESP"]
[Date "2007.08.01"]
[Round "6.12"]
[White "Ladron De Guevara Pinto, Miguel"]
[Black "Alarcia Astiz, Carlos"]
[Result "0-1"]
[WhiteElo "2052"]
[BlackElo "2173"]
[PlyCount "58"]
[EventDate "2007.07.29"]
[EventType "swiss"]
[EventRounds "9"]
[EventCountry "ESP"]
[Source "lmi"]
[SourceDate "2007.07.29"]

1. e4 c6 2. d4 d5 3. e5 Bf5 4. Ne2 e6 5. Ng3 Bg6 6. h4 h6 7. h5 Bh7 8. Bd3 Bxd3
9. Qxd3 Qa5+ 10. c3 Qa6 11. Qxa6 Nxa6 12. O-O c5 13. f4 cxd4 14. cxd4 Nb4 15.
Nc3 Nc2 16. Rb1 Nxd4 17. f5 Ne7 18. fxe6 fxe6 19. Be3 Nec6 20. Rbd1 Bc5 21. Kh2
a6 22. b4 Ba7 23. a3 Rf8 24. Rxf8+ Kxf8 25. Bf4 Rc8 26. Na4 b5 27. Nb2 Nc2 28.
Rd3 Bd4 29. Nd1 Bxe5 0-1

[Event "España ch sub-18 2007"]
[Site "Granada ESP"]
[Date "2007.08.01"]
[Round "6.14"]
[White "Fidalgo Fernandez, Lucia"]
[Black "Serrano Bozada, Esteban"]
[Result "0-1"]
[WhiteElo "2068"]
[BlackElo "2160"]
[PlyCount "64"]
[EventDate "2007.07.29"]
[EventType "swiss"]
[EventRounds "9"]
[EventCountry "ESP"]
[Source "lmi"]
[SourceDate "2007.07.29"]

1. Nf3 g6 2. c4 Bg7 3. Nc3 d6 4. g3 e5 5. d3 f5 6. Bg2 Nf6 7. O-O O-O 8. Rb1 a5
9. a3 h6 10. b4 axb4 11. axb4 g5 12. e3 Kh8 13. Nd2 Nc6 14. Nd5 Ng4 15. Qb3 Ne7
16. h3 Nf6 17. Nxe7 Qxe7 18. Kh2 g4 19. f3 gxh3 20. Bxh3 f4 21. g4 fxe3 22. Ne4
e2 23. Rg1 Nxe4 24. dxe4 Qf7 25. Bg2 Be6 26. Be3 Bxc4 27. Qc3 Ra2 28. Rb2 Rfa8
29. Kg3 R8a3 30. Qc1 Rxb2 31. Bxh6 e1=Q+ 32. Rxe1 Rxg2+ 0-1

[Event "España ch sub-18 2007"]
[Site "Granada ESP"]
[Date "2007.08.01"]
[Round "6.15"]
[White "Garcia-Ortega Mendez, Jose Manuel"]
[Black "Fernandez Garcia, Jose Miguel"]
[Result "1-0"]
[WhiteElo "2151"]
[BlackElo "2036"]
[PlyCount "55"]
[EventDate "2007.07.29"]
[EventType "swiss"]
[EventRounds "9"]
[EventCountry "ESP"]
[Source "lmi"]
[SourceDate "2007.07.29"]

1. d4 Nf6 2. Nf3 c5 3. c3 Qc7 4. g3 e6 5. Bg2 Be7 6. O-O O-O 7. Bf4 d6 8. Nbd2
Nd5 9. Bg5 f6 10. Bf4 e5 11. Qb3 Be6 12. Ng5 fxg5 13. Bxd5 gxf4 14. Bxe6+ Kh8
15. dxe5 dxe5 16. Rad1 Nc6 17. Ne4 Rad8 18. Rxd8 Rxd8 19. Rd1 fxg3 20. hxg3 b6
21. Rd5 Bf6 22. Qd1 Qe7 23. Bd7 Nb8 24. Ba4 Rf8 25. Bb3 g6 26. Rd6 Rd8 27. Qd5
Nd7 28. Nxf6 1-0

[Event "España ch sub-18 2007"]
[Site "Granada ESP"]
[Date "2007.08.01"]
[Round "6.16"]
[White "Herrera Delgado, Alejandro"]
[Black "Mejuto De Ulloa, Jorge"]
[Result "0-1"]
[WhiteElo "2150"]
[BlackElo "2062"]
[PlyCount "60"]
[EventDate "2007.07.29"]
[EventType "swiss"]
[EventRounds "9"]
[EventCountry "ESP"]
[Source "lmi"]
[SourceDate "2007.07.29"]

1. e4 c5 2. Nf3 e6 3. b3 d6 4. d4 cxd4 5. Nxd4 Nf6 6. Bd3 a6 7. c4 Qc7 8. Bb2
b6 9. O-O Bb7 10. Nc3 Nbd7 11. f4 g6 12. f5 gxf5 13. exf5 Rg8 14. Nf3 Ne5 15.
fxe6 fxe6 16. Nd5 Nxd5 17. cxd5 Bxd5 18. Bxe5 dxe5 19. Nh4 Bc5+ 20. Kh1 O-O-O
21. b4 Bxb4 22. Rc1 Bc5 23. Bxa6+ Kb8 24. Qh5 Qe7 25. Qxe5+ Ka7 26. Bc4 Bb7 27.
Nf3 Rd2 28. g3 Rf8 29. Qc3 Rxf3 30. Rxf3 Rf2 0-1

[Event "España ch sub-18 2007"]
[Site "Granada ESP"]
[Date "2007.08.01"]
[Round "6.17"]
[White "Garcia Blanco, Omar"]
[Black "Blanco Villalba, Jose Francisco"]
[Result "1-0"]
[WhiteElo "2148"]
[BlackElo "2024"]
[PlyCount "63"]
[EventDate "2007.07.29"]
[EventType "swiss"]
[EventRounds "9"]
[EventCountry "ESP"]
[Source "lmi"]
[SourceDate "2007.07.29"]

1. e4 c5 2. c3 g6 3. d4 cxd4 4. cxd4 d5 5. exd5 Nf6 6. Bc4 Bg7 7. Nc3 Nbd7 8.
d6 exd6 9. Nf3 O-O 10. O-O Nb6 11. Bb3 Be6 12. Bxe6 fxe6 13. Qb3 Qd7 14. Re1
Rae8 15. Ng5 Nfd5 16. Be3 h6 17. Nge4 Kh7 18. Nb5 e5 19. Nbxd6 exd4 20. Nxe8
dxe3 21. Nxg7 exf2+ 22. Nxf2 Qxg7 23. Rad1 Nf4 24. g3 Nh5 25. Qb4 Rf7 26. Ng4
Nf6 27. Nxf6+ Qxf6 28. Rf1 Qe7 29. Rxf7+ Qxf7 30. Rf1 Qe8 31. Qb3 Kh8 32. Qf3
1-0

[Event "España ch sub-18 2007"]
[Site "Granada ESP"]
[Date "2007.08.01"]
[Round "6.18"]
[White "Maura Mundo, Alejandro"]
[Black "Aguado Solana, Juan"]
[Result "0-1"]
[WhiteElo "2133"]
[BlackElo "1995"]
[PlyCount "58"]
[EventDate "2007.07.29"]
[EventType "swiss"]
[EventRounds "9"]
[EventCountry "ESP"]
[Source "lmi"]
[SourceDate "2007.07.29"]

1. e4 c5 2. Nf3 d6 3. d4 cxd4 4. Nxd4 Nf6 5. Nc3 a6 6. Be3 e6 7. f3 b5 8. g4
Bb7 9. Qd2 Nfd7 10. O-O-O Nb6 11. Bg5 Be7 12. Bxe7 Qxe7 13. Nb3 d5 14. e5 b4
15. Nb1 N8d7 16. f4 Nc4 17. Qd4 Rc8 18. N1d2 Ndb6 19. h4 Qc7 20. Na1 Na4 21. b3
Nc3 22. bxc4 Qa5 23. Nb1 Nxd1 24. Qxd1 dxc4 25. Rh3 Qxa2 26. Qd4 Rd8 27. Qxc4
Qxa1 28. Qxb4 Qd4 29. Qxb7 Qxf4+ 0-1

[Event "España ch sub-18 2007"]
[Site "Granada ESP"]
[Date "2007.08.01"]
[Round "6.19"]
[White "Tierraseca Montero, Pablo"]
[Black "De Nacimiento Montaño, Antonio"]
[Result "1-0"]
[WhiteElo "2119"]
[BlackElo "1992"]
[PlyCount "59"]
[EventDate "2007.07.29"]
[EventType "swiss"]
[EventRounds "9"]
[EventCountry "ESP"]
[Source "lmi"]
[SourceDate "2007.07.29"]

1. e4 g6 2. d4 c5 3. c3 cxd4 4. cxd4 d5 5. exd5 Nf6 6. Bb5+ Bd7 7. Bc4 Bf5 8.
Nc3 Nbd7 9. d6 exd6 10. Qb3 Qe7+ 11. Nge2 Bg7 12. Qxb7 O-O 13. O-O Ne4 14. Nd5
Qh4 15. Ne3 Ndf6 16. f3 Ng5 17. Nxf5 gxf5 18. Be3 Rab8 19. Qxa7 Rxb2 20. Qa3
Rb6 21. Bf2 Qh5 22. d5 Nd7 23. Bxb6 Bxa1 24. Bd4 Bxd4+ 25. Nxd4 Nc5 26. Qe3 Qg6
27. Kh1 Qf6 28. h4 Nge4 29. fxe4 Nxe4 30. Qxe4 1-0

[Event "España ch sub-18 2007"]
[Site "Granada ESP"]
[Date "2007.08.01"]
[Round "6.20"]
[White "Torres Tellez, Jonathan"]
[Black "Sanchez-Alarcos Galian, Victor"]
[Result "0-1"]
[WhiteElo "2084"]
[BlackElo "1958"]
[PlyCount "57"]
[EventDate "2007.07.29"]
[EventType "swiss"]
[EventRounds "9"]
[EventCountry "ESP"]
[Source "lmi"]
[SourceDate "2007.07.29"]

1. e4 d6 2. d4 Nf6 3. Nc3 e5 4. Nf3 Nbd7 5. Bg5 Be7 6. Qd2 c6 7. a4 b6 8. h3
Qc7 9. Bc4 Bb7 10. Bb3 a6 11. O-O O-O 12. Nh4 exd4 13. Qxd4 c5 14. Qd2 g6 15.
Qf4 c4 16. Ba2 Rfe8 17. Rfe1 Qc5 18. Bxf6 Bxf6 19. Rad1 Be5 20. Qd2 Nf6 21. Kh1
Bxc3 22. Qxc3 Nxe4 23. Rxe4 Rxe4 24. Qg3 Rae8 25. Rxd6 Rxh4 26. Rd7 Bc8 27. Rc7
Qh5 28. Bxc4 Be6 29. Bxe6 0-1

[Event "España ch sub-18 2007"]
[Site "Granada ESP"]
[Date "2007.08.01"]
[Round "6.21"]
[White "Gimenez Martinez, Alberto"]
[Black "Riera Morilla, Elizabeth"]
[Result "1-0"]
[WhiteElo "2070"]
[BlackElo "1952"]
[PlyCount "75"]
[EventDate "2007.07.29"]
[EventType "swiss"]
[EventRounds "9"]
[EventCountry "ESP"]
[Source "lmi"]
[SourceDate "2007.07.29"]

1. e4 c5 2. Nf3 g6 3. d4 cxd4 4. Nxd4 Bg7 5. Nc3 Nc6 6. Be3 Nf6 7. Bc4 O-O 8.
Bb3 a6 9. f3 Qc7 10. Qd2 b5 11. O-O-O Bb7 12. h4 Rac8 13. Kb1 Na5 14. Bh6 Nxb3
15. axb3 b4 16. Na4 Bxh6 17. Qxh6 d5 18. e5 Qxe5 19. g4 Nd7 20. h5 Qg7 21. hxg6
hxg6 22. Qd2 e5 23. Nf5 gxf5 24. gxf5 Rc6 25. Rdg1 Rg6 26. fxg6 fxg6 27. Qxb4
Bc6 28. Rg3 Rf4 29. Qa5 Bb7 30. Qc7 Nf8 31. Qxg7+ Kxg7 32. Nc5 Bc8 33. Rd1 d4
34. Re1 Rf5 35. Ne4 Bb7 36. Nd6 Rxf3 37. Rg5 Bc6 38. Rgxe5 1-0